عرض عادي
عرض مارك
- Wright, Warren S.
مدخل إسم شخص
001 - رقم الضبط
- حقل الضبط: 50786
003 - معرف رقم الضبط
- حقل الضبط: OSt
005 - تاريخ ووقت أخر عملية
- حقل الضبط: 20150818025643.0
008 - عناصر بيانات ثابتة الطول
- حقل تحكم ثابت الطول: 150818|| aca||aabn | a|a d
040 ## - مصدر الفهرسة
- هيئة الفهرسة الأصلية: OSt
- وكالة الكتابة: OSt
100 ## - مدخل -- أسم شخص
- إسم شخص: Wright, Warren S.
670 ## - بيانات المصدر موجوده
- الاستشهاد بالمصدر: Work cat.: (OSt): Zill, Dennis G. 50784, Advanced engineering mathematics /, 2014.
